Länder, die seit 1850 nicht eingenommen wurden - Statistiken

Allgemein
  • Dieses Quiz wurde 671 mal gespielt
  • Das Durchschnittsergebnis liegt bei 15 aus 26
Antwortstatistiken
Seit Land % Korrekt
1781 Vereinigte Staaten
93%
1066 Vereinigtes Königreich
84%
1815 Schweiz
81%
1822 Brasilien
80%
1480 Russland
75%
1814 Spanien
75%
1816 Argentinien
73%
1808 Portugal
73%
1818 Chile
69%
1523 Schweden
69%
1819 Kolumbien
67%
1839 Peru
63%
1825 Bolivien
62%
1830 Venezuela
62%
1828 Uruguay
61%
1830 Ecuador
57%
1815 Liechtenstein
56%
1243 Türkei
53%
1243 San Marino
52%
1813 Andorra
51%
1838 Costa Rica
40%
1838 Guatemala
36%
1847 Liberia
26%
1768 Nepal
25%
1634 Bhutan
19%
1743 Oman
14%
Keine übereinstimmenden Quizze gefunden
Verteilung der Resultate
Anzahl Personen mit jedem Resultat
Perzentil nach korrekt beantworteten Fragen
Ihre Resultats-Entwicklung
Sie haben dieses Quiz noch nicht gespielt